Bilecik Bilecik Bilecik Bilecik Bilecik

Küf - gıda - insan/ (Record no. 291)

MARC details
000 -BAŞLIK
Sabit Uzunluktaki Kontrol Alanı 01392nam a22004457a 4500
001 - KONTROL NUMARASI
Control Dosyası 0000290
003 - KONTROL NUMARASI KİMLİĞİ
Kontrol Alanı KOHA_MİRAKIL
005 - EN SON İŞLEM TARİHİ ve ZAMANI
Kontrol Alanı 20260207001206.0
007 - FİZİKSEL TANIM SABİT ALAN - GENEL BİLGİ
Sabit uzunluklu kontrol alanı ta
008 - SABİT UZUNLUKTAKİ VERİ ÖGELERİ - GENEL BİLGİ
Sabit Alan 081212b2000 tu a|||gr||||#0|||0|tur |
020 ## - ISBN - ULUSLARARASI STANDART KİTAP NUMARASI
Isbn 9755640959
Kullanılabilirlik koşulları YTL8,69
040 ## - KATALOGLAMA KAYNAĞI
Özgün Kataloglama Kurumu TR-BiSEU
Kataloglama Dili tur
Çeviri Kurumu TR-BiSEU
Açıklama Kuralları rda
041 0# - DİL KODU
Metin ya da ses kaydının dil kodu tur
044 ## - YAYINLAYAN/ÜRETEN KURULUŞUN ÜLKE KODU
ISO country code tu
050 ## - SINIFLAMA ve YER NUMARASI
Sınıflama Numarası QW180
Yer Numarası .S24 2000
100 1# - KİŞİ ADI
Yazar Adı (Kişi adı) Şahin, İsmet.
245 1# - ESER ADI BİLDİRİMİ
Başlık Küf - gıda - insan/
Sorumluluk Bildirimi İsmet Şahin ; İsmet Şahin, Mihriban Korukluoğlu.
264 #1 - ÜRERİM, YAYIN, DAĞITIM ve TELİF BİLDİRİMİ
Yayın yeri Bursa :
Yayınlayan Vipaş A.Ş. Uludağ Üniversitesi Güçlendirme Vakfı
Yayın tarihi 2000
300 ## - FİZİKSEL TANIMLAMA
Sayfa, Cilt vb. VI, 122 sayfa :
Diğer fiziki detaylar resimli
336 ## - İÇERİK TÜRÜ
Content type term metin
Content type code txt
Source rdacontent
337 ## - MEDYA TÜRÜ
Media type term aracısız
Media type code n
Source rdamedia
338 ## - TAŞIYICI TÜRÜ
Carrier type term cilt
Carrier type code nc
Source rdacarrier
490 1# - DİZİ BİLDİRİMİ
Dizi Bildirimi Uludağ Üniversitesi Güçlendirme Vakfı yayın no ;
Cilt Numarası 155.
490 1# - DİZİ BİLDİRİMİ
Dizi Bildirimi Vipaş A.Ş yayın sıra no ;
Cilt Numarası 31.
500 ## - GENEL NOT
Genel Not Kaynakça var.
650 #0 - KONU BAŞLIĞI EK GİRİŞ - KONU TERİMİ
Konusal terim veya coğrafi ad Food.
9 (RLIN) 2233
650 #0 - KONU BAŞLIĞI EK GİRİŞ - KONU TERİMİ
Konusal terim veya coğrafi ad Gıda.
9 (RLIN) 2234
650 #0 - KONU BAŞLIĞI EK GİRİŞ - KONU TERİMİ
Konusal terim veya coğrafi ad Mycoses.
9 (RLIN) 2235
650 #0 - KONU BAŞLIĞI EK GİRİŞ - KONU TERİMİ
Konusal terim veya coğrafi ad Mikozlar.
9 (RLIN) 2236
650 #0 - KONU BAŞLIĞI EK GİRİŞ - KONU TERİMİ
Konusal terim veya coğrafi ad Mikoloji.
9 (RLIN) 2237
650 #0 - KONU BAŞLIĞI EK GİRİŞ - KONU TERİMİ
Konusal terim veya coğrafi ad Fungi.
9 (RLIN) 2238
650 #0 - KONU BAŞLIĞI EK GİRİŞ - KONU TERİMİ
Konusal terim veya coğrafi ad Sağlık.
9 (RLIN) 2239
650 #0 - KONU BAŞLIĞI EK GİRİŞ - KONU TERİMİ
Konusal terim veya coğrafi ad Health.
9 (RLIN) 2240
650 #0 - KONU BAŞLIĞI EK GİRİŞ - KONU TERİMİ
Konusal terim veya coğrafi ad Küfler (Funguslar).
9 (RLIN) 2241
650 #0 - KONU BAŞLIĞI EK GİRİŞ - KONU TERİMİ
Konusal terim veya coğrafi ad Mantar.
9 (RLIN) 2242
830 1# - SERİ EK GİRİŞİ - TEKBİÇİM ESER ADI
Tekbiçim Başlık Uludağ Üniversitesi Güçlendirme Vakfı yayın no ;
Volume number/sequential designation 155.
9 (RLIN) 2243
830 1# - SERİ EK GİRİŞİ - TEKBİÇİM ESER ADI
Tekbiçim Başlık Vipaş A.Ş yayın sıra no ;
Volume number/sequential designation 31.
9 (RLIN) 2244
907 ## - LOCAL DATA ELEMENT G, LDG (RLIN)
a Okuma Kitabı
942 ## - EK GİRİŞ ÖGELERİ (KOHA)
Source of classification or shelving scheme Library of Congress Classification
Koha item type Book
Holdings
Materyal Türü Kalıcı Konum Mevcut Konum Raf Yeri Sınıflandırma Kaynağı Edinim Bilgisi Ana Konular Alt Konular Yer Numarası Demirbaş Numarası Fatura Tarihi Maliyet, Alış Fiyatı Maliyet, Yenileme Fiyatı Geri Çekilme Durumu Kayıp Durumu Hasarlı Durumu Kredi için değil Kayıt Tarih Toplam Ödünçverme Son Görülme Tarihi Son Kontrol Tarihi
Book Prof. Dr. Azmi Özcan Kütüphanesi Prof. Dr. Azmi Özcan Kütüphanesi Birûni Salonu Library of Congress Classification Satın BİLİM Mikrobiyoloji ve İmmünoloji QW180 .S24 2000 0000290 12/12/2008 9.39 9.39         12/12/2008 1 09/12/2024 09/12/2024
Book Prof. Dr. Azmi Özcan Kütüphanesi Prof. Dr. Azmi Özcan Kütüphanesi Birûni Salonu Library of Congress Classification Satın BİLİM Mikrobiyoloji ve İmmünoloji QW180 .S24 2000 0000299 12/12/2008 9.39 9.39         12/12/2008 5 09/12/2024 09/12/2024
Book Prof. Dr. Azmi Özcan Kütüphanesi Prof. Dr. Azmi Özcan Kütüphanesi Birûni Salonu Library of Congress Classification Satın BİLİM Mikrobiyoloji ve İmmünoloji QW180 .S24 2000 0000610 12/12/2008 9.39 9.39         12/12/2008 4 05/12/2024 05/12/2024